000 00663cam a22002417a 4500
999 _c2755
_d2755
001 3903870
003 GZU
005 20201105124226.0
008 900724s1987 rh 000 0 eng
010 _a 90980110
020 _a0869256904
040 _aDLC
_cDLC
_dDLC
050 0 0 _aPR9898 DAN 2010
100 1 _aDangarembga, Tsitsi.
_eauthor
245 1 0 _aShe no longer weeps /
_cT. Dangarembga.
260 _aHarare, Zimbabwe :
_bCollege Press,
_c1987.
300 _a59 p. ;
_c18 cm.
440 0 _aOn stage
651 0 _aZimbabwe
_vDrama.
906 _a7
_bcbc
_corignew
_du
_encip
_f19
_gy-gencatlg
942 _2lcc
_cBK
_h9898
_iDAN
_kPR